| 000 | 00616nam a22001937a 4500 | ||
|---|---|---|---|
| 999 |
_c167644 _d167644 |
||
| 005 | 20190916113602.0 | ||
| 010 | _aUR-10459 | ||
| 020 |
_c150.00 _a9789380182407 |
||
| 035 | _aU-9014 | ||
| 037 |
_bDBAD/PUB _a- |
||
| 082 | _a841 | ||
| 100 | _aعظيم ا مر و ہو ی | ||
| 245 |
_aشميم سخن _cعظيم ا مر و ہو ی |
||
| 246 |
_bShameem Sukhan Urdu) _aby Azeem Amrohvi |
||
| 260 |
_aDelhi _bTakhleeqkar Publishers _c2011 ء |
||
| 270 |
_a205/6,J-Extension,Laxmi Nagar , _bDelhi _e110092 _k011-22442572 _l- |
||
| 300 |
_a196 ص _c22 Cm(Hb) |
||
| 942 |
_2ddc _cUR _h841 _mش م ی |
||